000 00872cam a22002891 4500
999 _c26919
_d26919
001 8874271
003 OSt
005 20170207091653.0
008 761028s1957 nyua 000 0 eng
010 _a 57013766
035 _a(OCoLC)2535670
040 _aDLC
_cP
_dOCoLC
_dDLC
042 _apremarc
050 0 0 _aND195
_b.L4 1957
082 _a701.16
100 1 _aLeepa, Allen.
245 1 4 _aThe challenge of modern art;
_cwith a foreword by Herbert Read.
250 _a[Rev. ed.]
260 _aNew York,
_bT. Yoseloff
_c[c1957]
300 _a256 p.
_billus.
_c25 cm.
650 0 _aPainting.
650 0 _aArt, Modern
_y20th century.
650 0 _aModernism (Art)
906 _a7
_bcbc
_coclcrpl
_du
_encip
_f19
_gy-gencatlg
942 _2lcc
_cBOOKS
_hND 195 .L4 1957